Zhodnotenie optimálnej varianty využitia odpadného tepla z polymerizačného procesu

Saved in:
Bibliographic Details
Main Author: Rybár, Pavol (Author)
Other Authors: Variny, Miroslav (Thesis advisor)
Format: Manuscript Book
Language:Slovak
Published: 2022
Subjects:
Online Access:http://is.stuba.sk/zp/portal_zp.pl?podrobnosti=156466
Tags: Add Tag
No Tags, Be the first to tag this record!

MARC

LEADER 00000ntm a22000003a 4500
001 stuzp89731
003 SK-STU
005 20220625211511.4
007 ta
008 150427s2015----xo-----f-mn---000-0-slo-d
040 |a STU  |b slo 
041 0 |a slo 
100 1 |a Rybár, Pavol  |u 046230  |4 aut  |U FCHPT Ústav chemického a environmentálneho inžinierstva  |T FCHPT Oddelenie chemického a biochemického inžinierstva  |X 104308  |U C6230  |Y 119  |7 104308 
242 0 1 |a Assessment of the Optimal Variant of Waste Heat Utilization in a Polymer Production Plant  |y eng 
245 1 0 |a Zhodnotenie optimálnej varianty využitia odpadného tepla z polymerizačného procesu 
260 |c 2022 
650 4 |a elektrická energia  |2 slo 
650 4 |a odpadné teplo  |2 slo 
650 4 |a ORC  |2 slo 
650 4 |a SRC  |2 slo 
650 4 |a vodná para  |2 slo 
650 4 |a electric energy  |2 eng 
650 4 |a ORC  |2 eng 
650 4 |a SRC  |2 eng 
650 4 |a steam  |2 eng 
650 4 |a waste heat  |2 eng 
700 1 |a Variny, Miroslav  |u 046230  |k Z1  |4 ths  |U FCHPT Ústav chemického a environmentálneho inžinierstva  |T FCHPT Oddelenie chemického a biochemického inžinierstva  |X 25916  |U C6230  |Y 119  |7 A000025916 
856 4 |u http://is.stuba.sk/zp/portal_zp.pl?podrobnosti=156466